Geography Quiz

Random Geography or Food Quiz

Sugary Countries Quiz Stats

 Plays Quiz Updated Apr 9, 2020

Support Sporcle.
Go Orange.
Score 0/30 Timer 05:00
4 Plays Today
Crop Country % Correct
Sugar BeetsUnited States
95.6%
Sugar CaneUnited States
95.6%
Sugar CaneBrazil
92.4%
Sugar BeetsChina
92%
Sugar CaneChina
92%
Sugar CaneMexico
88.1%
Sugar BeetsRussia
85.9%
Sugar CaneIndia
85.8%
Sugar BeetsFrance
80.8%
Sugar BeetsUnited Kingdom
80.2%
Sugar CaneArgentina
79.7%
Sugar BeetsGermany
79.6%
Sugar CaneAustralia
75.5%
Sugar CaneIndonesia
69%
Sugar CaneColombia
68.9%
Crop Country % Correct
Sugar BeetsPoland
65.8%
Sugar CaneSouth Africa
65.2%
Sugar BeetsUkraine
61.3%
Sugar BeetsTurkey
60.6%
Sugar CanePakistan
60.1%
Sugar CaneThailand
59.9%
Sugar CaneCuba
58.6%
Sugar BeetsIran
55%
Sugar BeetsEgypt
53.9%
Sugar CanePhilippines
48.3%
Sugar BeetsNetherlands
41.8%
Sugar BeetsBelarus
39.9%
Sugar BeetsBelgium
38.3%
Sugar BeetsCzechia
36.3%
Sugar CaneGuatemala
34.2%

You're not logged in!

Compare scores with friends on all Sporcle quizzes.
OR
Log In

From the Vault

TV Show by 'And ...' Credit

by WillieG

Seems like half of these could be Ted McGinley...right before the show is cancelled.
Remove Ads.
Support Sporcle.
Get the best of Sporcle when you Go Orange. This ad-free experience offers more features, more stats, and more fun while also helping to support Sporcle. Thank you for becoming a member.

Show Comments

Extras

Top Quizzes Today


Score Distribution

Your Account Isn't Verified!

In order to create a playlist on Sporcle, you need to verify the email address you used during registration. Go to your Sporcle Settings to finish the process.

Report this User

Report this user for behavior that violates our Community Guidelines.

Details: